George Chinnery : (Record no. 26697)
[ view plain ]
| 000 -LEADER | |
|---|---|
| fixed length control field | 01208cam a2200325 a 4500 |
| 001 - CONTROL NUMBER | |
| control field | 3955157 |
| 003 - CONTROL NUMBER IDENTIFIER | |
| control field | OSt |
| 005 - DATE AND TIME OF LATEST TRANSACTION | |
| control field | 20170206095917.0 |
| 008 - FIXED-LENGTH DATA ELEMENTS--GENERAL INFORMATION | |
| fixed length control field | 931213s1993 enka b 001 0 eng d |
| 010 ## - LIBRARY OF CONGRESS CONTROL NUMBER | |
| LC control number | 93242740 |
| 020 ## - INTERNATIONAL STANDARD BOOK NUMBER | |
| International Standard Book Number | 1851491600 |
| 035 ## - SYSTEM CONTROL NUMBER | |
| System control number | (OCoLC)29209868 |
| 040 ## - CATALOGING SOURCE | |
| Original cataloging agency | ICU |
| Transcribing agency | ICU |
| Modifying agency | IU |
| -- | NhD |
| -- | DLC |
| 042 ## - AUTHENTICATION CODE | |
| Authentication code | lccopycat |
| 043 ## - GEOGRAPHIC AREA CODE | |
| Geographic area code | a-cc--- |
| -- | a-ii--- |
| 050 04 - LIBRARY OF CONGRESS CALL NUMBER | |
| Classification number | ND497.C546C65 1993 |
| 082 00 - DEWEY DECIMAL CLASSIFICATION NUMBER | |
| Classification number | 759.2 |
| -- | B |
| Edition number | 20 |
| 100 1# - MAIN ENTRY--PERSONAL NAME | |
| Personal name | Conner, Patrick, |
| Dates associated with a name | 1993- |
| 245 10 - TITLE STATEMENT | |
| Title | George Chinnery : |
| Remainder of title | 1774-1852 : artist of India and the China coast / |
| Statement of responsibility, etc. | Patrick Conner. |
| 260 ## - PUBLICATION, DISTRIBUTION, ETC. (IMPRINT) | |
| Place of publication, distribution, etc. | Woodbridge (Suffolk, England) : |
| Name of publisher, distributor, etc. | Antique Collectors' Club, |
| Date of publication, distribution, etc. | 1993. |
| 300 ## - PHYSICAL DESCRIPTION | |
| Extent | 320 p. : |
| Other physical details | ill. (some col.) ; |
| Dimensions | 28 cm. |
| 500 ## - GENERAL NOTE | |
| General note | Includes bibliographical references (p. 305-310) and index. |
| 600 10 - SUBJECT ADDED ENTRY--PERSONAL NAME | |
| Personal name | Chinnery, George, |
| Dates associated with a name | 1993. |
| 651 #0 - SUBJECT ADDED ENTRY--GEOGRAPHIC NAME | |
| Geographic name | India |
| Form subdivision | In art. |
| 651 #0 - SUBJECT ADDED ENTRY--GEOGRAPHIC NAME | |
| Geographic name | China |
| Form subdivision | In art. |
| 906 ## - LOCAL DATA ELEMENT F, LDF (RLIN) | |
| a | 7 |
| b | cbc |
| c | copycat |
| d | 3 |
| e | ncip |
| f | 19 |
| g | y-gencatlg |
| 942 ## - ADDED ENTRY ELEMENTS (KOHA) | |
| Source of classification or shelving scheme | |
| Koha item type | Hard Covered Materials |
| Classification part | ND497.C546C65 1993 |
| Call number prefix | 34366 |
| Withdrawn status | Lost status | Source of classification or shelving scheme | Damaged status | Not for loan | Home library | Current library | Shelving location | Date acquired | Total Checkouts | Full call number | Barcode | Date last seen | Price effective from | Koha item type |
|---|---|---|---|---|---|---|---|---|---|---|---|---|---|---|
| MACHAKOS UNIVERSITY LIBRARY | MACHAKOS UNIVERSITY LIBRARY | Open shelf | 06/02/2017 | ND497.C546C65 1993 | 34366 | 06/02/2017 | 06/02/2017 | Hard Covered Materials |